Globalization and politics in India: (Record no. 8338)

MARC details
000 -LEADER
fixed length control field 01061 a2200229 4500
010 ## - LCCN (DPL NO)
LC control number ENG-88421 B-281089-101
020 ## - INTERNATIONAL STANDARD BOOK NUMBER
International Standard Book Number 0195689216
Terms of availability 695.00
020 ## - INTERNATIONAL STANDARD BOOK NUMBER
International Standard Book Number 9780195689211
Terms of availability 695.00
035 ## - SYSTEM CONTROL NUMBER
System control number EN-71954 B-281089-101
037 ## - SOURCE OF ACQUISITION
Source of stock number/acquisition DBAD / PUB
082 ## - DEWEY DECIMAL CLASSIFICATION NUMBER
Classification number 330.954
245 ## - TITLE STATEMENT
Title Globalization and politics in India:
Statement of responsibility, etc edited by Baldev Raj Nayar
Remainder of title themes in politics/
260 ## - PUBLICATION, DISTRIBUTION, ETC. (IMPRINT)
Place of publication, distribution, etc New Delhi
Name of publisher, distributor, etc Oxford University Press
Date of publication, distribution, etc 2007
260 ## - PUBLICATION, DISTRIBUTION, ETC. (IMPRINT)
Place of publication, distribution, etc New Delhi
Name of publisher, distributor, etc Oxford University Press
Date of publication, distribution, etc 2008
270 ## - ADDRESS
Address YMCA Library Building, Jai Singh Road,
City New Delhi
Postal code 110 001
300 ## - PHYSICAL DESCRIPTION
Extent xx, 590 p.
Dimensions 22cm (Hb)
500 ## - GENERAL NOTE
General note includes bibliographical references and index
700 ## - ADDED ENTRY--PERSONAL NAME
Personal name Nayar, Baldaev Raj
942 ## - ADDED ENTRY ELEMENTS (KOHA)
Institution code [OBSOLETE] dpl
Item type English Books
Source of classification or shelving scheme Dewey Decimal Classification
Classification part 330.954
Call number suffix GLO
Holdings
Withdrawn status Lost status Not for loan Collection code Home library Current library Source of acquisition Cost, normal purchase price Full call number Barcode Copy number Cost, replacement price Koha item type Date acquired
      Non-fiction Bagh Kadhe Khan Bagh Kadhe Khan Uppal/UBS-8209/18.7.08/77/16.5.08/18.7.08 695.00 330.954 GLO B-281099 1 695.00 English Books 08/04/2009
      Non-fiction Bawana Bawana Uppal/UBS-8209/18.7.08/77/16.5.08/18.7.08 695.00 330.954 GLO B-281097 1 695.00 English Books 08/04/2009
      Non-fiction Bawana Bawana Uppal/UBS-8209/18.7.08/77/16.5.08/18.7.08 695.00 330.954 GLO B-281101 1 695.00 English Books 08/04/2009
      Non-fiction Central Jail Tihar Central Jail Tihar Uppal/UBS-8209/18.7.08/77/16.5.08/18.7.08 695.00 330.954 GLO B-281094 1 695.00 English Books 08/04/2009
      Non-fiction Central Library Central Library Uppal/UBS-8209/18.7.08/77/16.5.08/18.7.08 695.00 330.954 GLO B-281089 1 695.00 English Books 08/04/2009
    Not For Loan Non-fiction D.B.Act.Division D.B.Act.Division DBAD/PUB 695.00 330.954 GLO EN-71954 1 695.00 English Books  
      Non-fiction Diz Area Diz Area Uppal/UBS-8209/18.7.08/77/16.5.08/18.7.08 695.00 330.954 GLO B-281095 1 695.00 English Books 08/04/2009
      Non-fiction Kasturba Gandhi Marg Kasturba Gandhi Marg Uppal/UBS-8209/18.7.08/77/16.5.08/18.7.08 695.00 330.954 GLO B-281091 1 695.00 English Books 08/04/2009
      Non-fiction Narela Narela Uppal/UBS-8209/18.7.08/77/16.5.08/18.7.08 695.00 330.954 GLO B-281100 1 695.00 English Books 08/04/2009
      Non-fiction New Rohtak Road New Rohtak Road Uppal/UBS-8209/18.7.08/77/16.5.08/18.7.08 695.00 330.954 GLO B-281098 1 695.00 English Books 08/04/2009
      Non-fiction Patel Nagar Patel Nagar Uppal/UBS-8209/18.7.08/77/16.5.08/18.7.08 695.00 330.954 GLO B-281090 1 695.00 English Books 08/04/2009
      Non-fiction Peshwa Road Peshwa Road Uppal/UBS-8209/18.7.08/77/16.5.08/18.7.08 695.00 330.954 GLO B-281092 1 695.00 English Books 08/04/2009
      Non-fiction Sarojini Nagar Sarojini Nagar Uppal/UBS-8209/18.7.08/77/16.5.08/18.7.08 695.00 330.954 GLO B-281096 1 695.00 English Books 08/04/2009
      Non-fiction Tri Nagar Tri Nagar Uppal/UBS-8209/18.7.08/77/16.5.08/18.7.08 695.00 330.954 GLO B-281093 1 695.00 English Books 08/04/2009
      Non-fiction Vinoba Puri Vinoba Puri Uppal/UBS-8246/12.8.08/152/21.7.08/13.8.08 695.00 330.954 GLO B-284512 1 695.00 English Books 08/04/2009

© Delhi Public Library
Hit Counter
free hit counter